|
|
|
|
| LEADER |
01040ncm a22002772a 4500 |
| 001 |
001091457 |
| 003 |
CZ BrMZK |
| 005 |
20110216084826.0 |
| 007 |
qu |
| 008 |
000105s1960 xr cze d |
| 040 |
|
|
|a BOA001
|b cze
|
| 072 |
|
7 |
|a 784
|x Vokální hudba
|2 Konspekt
|9 9
|
| 100 |
1 |
|
|a Sygietyński, Tadeusz,
|d 1896-1955
|7 jx20060616013
|4 cmp
|
| 245 |
1 |
0 |
|a Varšavský valčík
|h [hudebnina] /
|c Tadeusz Sygietyński ; český text Vladimír Merhaut. Hezké nebíčko : mexická lidová píseň / Instrumentace Josef Mellan
|
| 250 |
|
|
|a 1. vyd. SNKLHU
|
| 260 |
|
|
|a Praha :
|b Státní nakladatelství krásné literatury,
|c 1960
|
| 300 |
|
|
|a 18 hlasů
|
| 490 |
1 |
|
|a Zábavní orchestr ;
|v 101
|
| 700 |
1 |
|
|a Merhaut, Vladimír,
|d 1927-
|7 jk01081281
|4 lyr
|
| 700 |
1 |
|
|a Mellan, Josef
|7 ola2008474782
|4 arr
|
| 740 |
0 |
2 |
|a Hezké nebíčko
|
| 830 |
|
0 |
|a Zábavní orchestr
|
| 910 |
|
|
|a BOA001
|b Mus3-0441.792
|
| 990 |
|
|
|a MU
|
| 991 |
|
|
|b 201003
|
| 996 |
6 |
|
|b 2619451387
|c Mus3-0441.792
|l MZK
|r Sklad / do 1 hodiny
|n 0
|w 001116294
|u 000010
|a 1
|e BOA001
|j MZK50
|s P
|